000 00532nam a2200229Ia 4500
005 20260320202017.0
008 008 262003s9999 xx 000 0 eng d
037 _aEBOOK
040 _aCRL
040 _beng
040 _cCRL
041 _2eng
041 _aeng
084 _qCRL
100 _aMeeks
_91136551
245 0 _aD3.js in Action, Third Edition
260 _bIEEE
856 _uhttps://ieeexplore.ieee.org/servlet/opac?bknumber=10745306
942 _cEBOOK
999 _c1724799
_d1724799